Quick Pick: Brazil's Top 10 Cities Quiz Stats

 Plays Quiz Updated May 23, 2018

Score 0/10 Timer 01:00
1 Play Today
% Correct
Rio de Janeiro
95.7%
São Paulo
94.1%
Brasília
89.5%
Porto Alegre
75.8%
Salvador
72.3%
Belo Horizonte
70.6%
Recife
67.1%
Fortaleza
62.2%
Manaus
56.5%
Curitiba
49.3%

Today's Daily Dose

Missing Word
Arizona A-Z

Word Ladder
Greek Letters II

Get the Picture
US National Parks

You're not logged in!

Compare scores with friends on all Sporcle quizzes.
OR
Log In

You Might Also Like...

Show Comments

Extras

Top Quizzes Today


Score Distribution

Your Account Isn't Verified!

In order to create a playlist on Sporcle, you need to verify the email address you used during registration. Go to your Sporcle Settings to finish the process.

Report this User

Report this user for behavior that violates our Community Guidelines.

Details: